Five Biggest Export Countries by U.S. State - Statistics

General Stats
  • This quiz has been taken 193 times
  • The average score is 17 of 22
Answer Stats
State Exports Country % Correct
Texas / Connecticut / Idaho / Mississippi 97,273 / 1,036 / 231 / 961 Mexico
98%
New York / Connecticut 6,764 / 1,302 United Kingdom
98%
Texas / Wyoming 9,925 / 142 Brazil
96%
Texas / New York / Washington / Connecticut / Idaho / Wyoming / Mississippi 22,779 / 12,567 / 7,974 / 1,892 / 842 / 204 / 2,238 Canada
96%
Texas / Washington / Idaho / Mississippi 16,284 / 18,284 / 353 / 783 China
94%
Washington / Wyoming / Puerto Rico 5,403 / 69 / 1,363 Japan
94%
Connecticut 1,825 Germany
93%
Connecticut 2,114 France
91%
Texas / Washington 9,787 / 3,297 South Korea
91%
Puerto Rico 2,091 Italy
90%
Puerto Rico 2,303 Netherlands
73%
Idaho 574 Taiwan
72%
Wyoming 108 Indonesia
70%
Puerto Rico 1,710 Belgium
65%
Idaho 459 Singapore
64%
Wyoming 60 Chile
61%
New York 4,730 Israel
60%
New York 5,713 Switzerland
58%
Washington 4,105 United Arab Emirates
52%
Mississippi 479 Guatemala
49%
Puerto Rico 1,226 Austria
46%
Mississippi 983 Panama
43%
No matching quizzes found
Score Distribution
Percent of People with Each Score
Percentile by Number Answered
Your Score History
You have not taken this quiz